| 000 | 00990 a2200169 4500 | ||
|---|---|---|---|
| 003 | Nust | ||
| 005 | 20221017131437.0 | ||
| 040 | _cNust | ||
| 082 | _a604.2,BIN | ||
| 100 | _aBinns H | ||
| 245 | _aExamples in engineering drwing | ||
| 260 |
_aLondon _bEnglish University Press _c1948 |
||
| 505 | _aMachine Deign (Page-9),Factor Of Safety (Page-9), Wohlers Law (Page-9), Simple Stresses(Page-10), Stresses In Materials(Page-11),Section Changes (Page-12),List Of Core Diameters (Page-12),Cottered Joint Proportion (Page-14), Cottered Joint Design(Page-15), Coupling Proportion(Page-16), Knuckle Joints Proportion(Page-17), Knuckle Joint Design (Page-18), Coupling Proportion(Page-19), Coupling Design(Page-20), Keys(Page-21),Riveted Joints(Page-24),Bearings(Page-26),Thin Cylinders(Page-27),Gear-Box Calculation (Page-34), Numerical Examples(Page-34),List Of Drawing And Design Examples (Page-36). | ||
| 600 |
_aH.Binns _9100468 |
||
| 650 |
_aEngineering Drawing _973872 |
||
| 942 |
_2ddc _cBK |
||
| 999 |
_c183094 _d183094 |
||